Advanced Analysis and Design for Fire Safety of Steel Structures (Record no. 229664)

MARC details
000 -LEADER
fixed length control field 00566nam a2200145Ia 4500
008 - FIXED-LENGTH DATA ELEMENTS--GENERAL INFORMATION
fixed length control field 231221s9999 xx 000 0 und d
020 ## - INTERNATIONAL STANDARD BOOK NUMBER
International Standard Book Number 978-3-642-34393-3
041 ## - LANGUAGE CODE
Language code of text/sound track or separate title English
100 ## - MAIN ENTRY--PERSONAL NAME
Personal name Guoqiang Li, Peijun Wang
245 #0 - TITLE STATEMENT
Title Advanced Analysis and Design for Fire Safety of Steel Structures
260 ## - PUBLICATION, DISTRIBUTION, ETC.
Date of publication, distribution, etc. 2013
Name of publisher, distributor, etc. Springer Berlin Heidelberg
Place of publication, distribution, etc. New York
440 ## - SERIES STATEMENT/ADDED ENTRY--TITLE
Title Advanced Topics in Science and Technology in China
650 ## - SUBJECT ADDED ENTRY--TOPICAL TERM
Topical term or geographic name entry element Structural Mechanics; Quality Control, Reliability, Safety and Risk; Basics of Construction; Building Construction
942 ## - ADDED ENTRY ELEMENTS (KOHA)
Koha item type E-Books
Holdings
Date last seen Total checkouts Accession number Uniform resource identifier Price effective from Category Lost status Damaged status Department Withdrawn status Home library Current library Shelving location Entry date Billnumber Currency symbol Conversion rate Discount Old discount
26/01/2024   EB12152 http://link.springer.com/openurl?genre=book&isbn=978-3-642-34392-6 26/01/2024 E-Books     Central Library   Central Library Central Library Central Library   22803 RS 1    

© For any Suggestions or Query, please contact the library staff @ librarian@pes.edu or Phone: +9180 2672 1983/ 2108.